Making history (Record no. 81626)

MARC details
000 -LEADER
fixed length control field 00698cab a22001815a 4500
001 - CONTROL NUMBER
control field L147743
008 - FIXED-LENGTH DATA ELEMENTS--GENERAL INFORMATION
fixed length control field 090612e2009 xxk 000 0 eng d
035 ## - SYSTEM CONTROL NUMBER
System control number (Sirsi) u147743
041 0# - LANGUAGE CODE
Language code of text/sound track or separate title eng
245 00 - TITLE STATEMENT
Title Making history
260 ## - PUBLICATION, DISTRIBUTION, ETC.
Date of publication, distribution, etc. 2009
490 ## - SERIES STATEMENT
Series statement Farmland Market
Volume/sequential designation 71 Spring 2009, 18-21(4)
520 ## - SUMMARY, ETC.
Summary, etc. A review of the leading agents buying, selling and letting agricultural land today. Includes short histories of the following agents: Knight Frank, Carter Jonas, Smiths Gore, Stags, Savills, Humberts, Brown & Co, Strutt & Parker, Bidwells, and Fisher German.
590 ## - LOCAL NOTE (RLIN)
Local note KA
651 #4 - SUBJECT ADDED ENTRY--GEOGRAPHIC NAME
Geographic name England and Wales
Chronological subdivision 1543-
690 ## - LOCAL SUBJECT ADDED ENTRY--TOPICAL TERM (OCLC, RLIN)
Topical term or geographic name as entry element PROPERTY-RURAL AND NATURAL ASSETS-LAND
942 ## - ADDED ENTRY ELEMENTS (KOHA)
Suppress in OPAC 0
Holdings
Withdrawn status Lost status Source of classification or shelving scheme Damaged status Not for loan Home library Current library Shelving location Date acquired Total Checkouts Full call number Barcode Date last seen Copy number Price effective from Koha item type
    Dewey Decimal Classification     London London Journal article 12/06/2009   L147743 L147743 06/08/2019 1 06/08/2019 Journal article